Statystyki dla Piłkarska kariera Romelu Lukaku.

Kliknij tutaj aby rozwiązać quiz!

Ogólne statystyki

  • Ten quiz został rozwiązany 104 razy
    (80 od ostatniego zresetowania)
  • Średni wynik to 8 z 10

Statystyki odpowiedzi

LataDrużyna% Poprawnych
2019-2021Inter Mediolan
99%
2011-2012Chelsea
97%
2013-2013Chelsea
97%
2014-2014Chelsea
97%
2021-terazChelsea
97%
2017-2019Manchester United
84%
2013-2014Everton
65%
2014-2017Everton
65%
2009-2011Anderlecht
54%
2012-2013West Brom
29%

Rozkład punktacji

Percentyl według liczby udzielonych odpowiedzi

Procent ludzi z każdym wynikiem

Twoja historia wyników

Nie rozwiązałeś tego quizu od ostatniego zresetowania